| 000 | 00743cam a2200229 a 4500 | ||
|---|---|---|---|
| 001 | 000001734 | ||
| 005 | 20260209094147.0 | ||
| 008 | 950703s1995 caua 001 0 eng d | ||
| 020 | _z1568844549 | ||
| 040 |
_aDO-SdBNP _cTSewU _dDLC |
||
| 042 | _alccopycat | ||
| 082 |
_a005.72 _bT238c |
||
| 100 | 1 |
_aTaylor, Dave, _d1962- _95640 |
|
| 245 | 1 | 0 |
_aCreating cool Web pages with HTML / _cDave Taylor. |
| 260 |
_aFoster City, CA : _bIDG Books, _c1995. |
||
| 300 |
_axx, 280 p. : _bil. ; _c24 cm. |
||
| 650 | 4 |
_aMultimedia interactiva _95575 |
|
| 650 | 4 |
_aWorld wide web (servicio de información sobre redes) _95641 |
|
| 650 | 4 |
_aHtml (lenguaje de procesamiento de texto) _95642 |
|
| 650 | 0 |
_aInternet _9105 |
|
| 910 | _aCatalogación por copia / LC | ||
| 999 |
_c1612 _d1612 |
||